|
|
|
|
| LEADER |
00000nab a2200000uu 4500 |
| 001 |
vtls011503310 |
| 003 |
SK-MaSNL |
| 005 |
20260303155728.0 |
| 008 |
230222|1956 xo |||||||||||||||||cze| |
| 015 |
|
|
|a SNBRB
|
| 035 |
|
|
|a (urnnbn)urn:nbn:sk:snk:ar-a0aiu1
|
| 035 |
|
|
|a (uuid)9d5789bd-d92f-46c3-aa0e-7e5669ef67fb
|
| 035 |
|
|
|a urn:nbn:sk:snk-abdx7x
|
| 040 |
|
|
|a SNKBUCL
|b slo
|c SNKBUCL
|e AACR2
|
| 041 |
0 |
|
|a cze
|
| 044 |
|
|
|a xo
|c SK
|
| 100 |
1 |
|
|a Wiesner, František
|4 aut
|9 398729
|
| 245 |
1 |
0 |
|a Kontrola jakosti svarových spojů
|c František Wiesner, V. Gregor
|
| 700 |
1 |
|
|a Gregor, V.
|4 aut
|9 826005
|
| 773 |
0 |
|
|t Zváranie : odborný časopis československých zváračov
|g Roč. 5, č. 8-9 (1956), s. 250-253
|
| 954 |
|
|
|a odborná, vedecká literatúra pôvodná (slovenská)
|2 lita
|
| 954 |
|
|
|a odborná, vedecká literatúra cudzojazyčná (svetová)
|2 lita
|
| 958 |
|
|
|a OND
|
| 958 |
|
|
|a EUIPO
|
| 958 |
|
|
|a article20
|
| 999 |
|
|
|c 2042124
|d 2044054
|